| Поле | Инд. | ПП | Название | Значение |
|---|---|---|---|---|
| Тип записи | a | |||
| Библиографический уровень | b | |||
| 001 | Контрольный номер | RU/IS/BASE/105618194 | ||
| 005 | Дата корректировки | 20200522190741.3 | ||
| 084 | a | Индекс другой классификации/Индекс ББК | 60.500; 60.51(0)-2; 60.001 | |
| 100 | 1_ | a | Автор | Осипова Н. Г. |
| 245 | a | Заглавие | Возникновение и развитие социологии как науки. Предыстория. Периодизация | |
| 500 | a | Примечание | В рубрике "В помощь преподавателю". В приложении даны список дополнительной литературы, список вопросов для самопроверки, темы для самостоятельной разработки | |
| 504 | a | Библиография | Библиогр.: с. 189 - 190 | |
| 650 | a | Основная рубрика | история социологии | |
| a | Основная рубрика | история философии | ||
| a | Основная рубрика | социальная философия | ||
| a | Основная рубрика | социология | ||
| a | Основная рубрика | философия | ||
| 653 | a | Ключевые слова | академическая социология | |
| a | Ключевые слова | восточная философия | ||
| a | Ключевые слова | Древняя Греция | ||
| a | Ключевые слова | западная социология | ||
| a | Ключевые слова | история социальной философии | ||
| a | Ключевые слова | история социологической мысли | ||
| a | Ключевые слова | макросоциология | ||
| a | Ключевые слова | микросоциология | ||
| a | Ключевые слова | Новое время | ||
| a | Ключевые слова | Россия | ||
| a | Ключевые слова | социологические школы | ||
| a | Ключевые слова | социологическое знание | ||
| a | Ключевые слова | средние века | ||
| a | Ключевые слова | США | ||
| 773 | t | Заглавие источника | Вестник Московского университета. Серия 18, Социология и политология | |
| d | Дата издания источника | 2002 | ||
| g | Прочая информация | № 3. - С. 164 - 190 | ||
| w | Контрольный № источника | RU/IS/BASE/148577983 | ||
| 901 | t | Тип документа | b |